| 000 | 00584nam a2200193Ia 4500 | ||
|---|---|---|---|
| 003 | GCL | ||
| 008 | 140319s9999 xx 000 0 ara d | ||
| 040 |
_aGCL / _cGCL |
||
| 082 | 0 | 4 |
_a860 _bم خ |
| 100 | 1 | _aخوان موليا | |
| 245 | 1 | 0 |
_aخارج اللعبة / _cخوان موليا |
| 700 | 1 | _aناديا شعبان (مترجم) | |
| 700 | 1 | _aخريستو نجم | |
| 260 |
_a[S.N] : _bالمؤسسة الجامعية للدراسات والنشر والتوزيع ، _c1982 |
||
| 300 | _a301 | ||
| 490 | _a | ||
| 650 | 0 | 4 | _aالادب الاسبانى |
| 942 |
_2ddc _cBK |
||
| 999 |
_c34917 _d34917 |
||